000
00480nam a2200181Ia 4500
008
100917s9999 xx 000 0 und d
082
_b
22499
100
_a
साठे अण्णाभाऊ
245
_a
वैर
260
_b
नवमहाराष्ट्र प्रकाशन
_c
1964
300
_a
112
365
_b
5
520
_a
कादंबरी
630
_a
वैर
650
_a
कादंबरी
730
_a
वैर
942
_c
BOOK
999
_c
627893
_d
627890